[Event "San Francisco TNM Fall op"]
[Site "San Francisco"]
[Date "2010.11.16"]
[Round "5"]
[White "Sommerville, Kenneth"]
[Black "Frank, Robert"]
[Result "0-1"]
[WhiteElo "1698"]
[BlackElo "1291"]
[PlyCount "36"]
[EventDate "2010.10.20"]
[EventType "swiss"]
[EventRounds "9"]
[EventCountry "USA"]
[SourceTitle "EXT 2012"]
[Source "ChessBase"]
[SourceDate "2011.11.24"]
[SourceVersion "1"]
[SourceVersionDate "2011.11.24"]
[SourceQuality "1"]

1. e4 e5 2. Nf3 Nf6 3. Nxe5 d6 4. Nf3 Nxe4 5. Bc4 d5 6. Bb3 c5 7. Qe2 Be6 8. 0-0 c4 9. Ba4+ Nc6 10. b3 Qf6 11. c3 Nc5 12. Bxc6+ bxc6 13. bxc4 dxc4 14. Na3 Qf4 15. d4 cxd3 16. Bxf4 dxe2 17. Rfe1 Nd3 18. Rxe2 Bxa3 0-1

[Event "San Francisco TNM Fall op"]
[Site "San Francisco"]
[Date "2010.11.02"]
[Round "3"]
[White "Sommerville, Kenneth"]
[Black "Wang, Yuan1111"]
[Result "0-1"]
[WhiteElo "1698"]
[BlackElo "1894"]
[PlyCount "68"]
[EventDate "2010.10.20"]
[EventType "swiss"]
[EventRounds "9"]
[EventCountry "USA"]
[SourceTitle "EXT 2012"]
[Source "ChessBase"]
[SourceDate "2011.11.24"]
[SourceVersion "1"]
[SourceVersionDate "2011.11.24"]
[SourceQuality "1"]

1. e4 c5 2. Nf3 d6 3. c3 Nf6 4. Bd3 Nc6 5. Bc2 Bg4 6. d3 g6 7. Be3 Bg7 8. h3 Bxf3 9. Qxf3 Qb6 10. Bb3 0-0 11. Nd2 a5 12. 0-0 a4 13. Nc4 Qa6 14. Bc2 b5 15. Nd2 b4 16. d4 Nd7 17. e5 cxd4 18. cxd4 dxe5 19. d5 Nd4 20. Bxd4 exd4 21. Bd3 Qf6 22. Rac1 Rac8 23. Rxc8 Rxc8 24. Qg4 Rd8 25. f4 Nc5 26. Ne4 Nxe4 27. Bxe4 d3 28. Qf3 d2 29. b3 axb3 30. axb3 Rc8 31. Qd3 Qb2 32. f5 Rc1 33. Bf3 Qd4+ 34. Qxd4 Bxd4+ 0-1

[Event "San Francisco TNM Peter Grey op"]
[Site "San Francisco"]
[Date "2010.09.07"]
[Round "6"]
[White "Sommerville, Kenneth"]
[Black "Manvelyan, Hovik"]
[Result "0-1"]
[WhiteElo "1698"]
[BlackElo "1997"]
[PlyCount "76"]
[EventDate "2010.08.03"]
[EventType "swiss"]
[EventRounds "9"]
[EventCountry "USA"]
[SourceTitle "EXT 2012"]
[Source "ChessBase"]
[SourceDate "2011.11.24"]
[SourceVersion "1"]
[SourceVersionDate "2011.11.24"]
[SourceQuality "1"]

1. e4 c5 2. Nf3 Nf6 3. Bd3 Nc6 4. c3 d6 5. Bc2 g6 6. d3 Bg7 7. Bg5 Qb6 8. Qc1 h6 9. Be3 Ng4 10. Bd2 Bd7 11. h3 Nge5 12. Nxe5 Nxe5 13. f4 Nc6 14. Be3 Qc7 15. Nd2 e5 16. Nf3 f5 17. Qd2 exf4 18. Bxf4 0-0-0 19. 0-0-0 g5 20. Be3 f4 21. Bf2 Be6 22. d4 Bxa2 23. b3 c4 24. b4 a5 25. d5 Ne5 26. Nd4 axb4 27. cxb4 c3 28. Qe2 Qb8 29. Ba4 Bc4 30. Qc2 Qa8 31. Ne6 b5 32. Nxg7 bxa4 33. Qxc3 Kd7 34. Kb2 a3+ 35. Ka1 Rc8 36. Qd4 Qa4 37. Nf5 Qb3 38. Rb1 Qa2# 0-1

[Event "San Francisco TNM Max Wilkerson op"]
[Site "San Francisco"]
[Date "2009.09.08"]
[Round "6"]
[White "Sommerville, Kenneth"]
[Black "Leavens, Weston A"]
[Result "0-1"]
[WhiteElo "1551"]
[BlackElo "1803"]
[PlyCount "105"]
[EventDate "2009.08.03"]
[EventType "swiss"]
[EventRounds "9"]
[EventCountry "USA"]
[SourceTitle "EXT 2012"]
[Source "ChessBase"]
[SourceDate "2011.11.24"]
[SourceVersion "1"]
[SourceVersionDate "2011.11.24"]
[SourceQuality "1"]

1. e4 e6 2. d4 d5 3. exd5 exd5 4. Nf3 Bd6 5. Bd3 Ne7 6. Be3 Bf5 7. Nc3 c6 8. 0-0 0-0 9. Re1 Bxd3 10. Qxd3 h6 11. Ne5 Nd7 12. f4 Qc7 13. Bf2 f6 14. Ng6 Nxg6 15. Qxg6 Rf7 16. g3 Nf8 17. Qg4 f5 18. Qf3 Nh7 19. Re2 Nf6 20. Rae1 Ne4 21. Nd1 Re8 22. Ne3 g6 23. c4 Bb4 24. Rd1 Qd7 25. a3 Ba5 26. b4 Bb6 27. c5 Bc7 28. Ng2 Rfe7 29. Rde1 Re6 30. Be3 Bd8 31. Bc1 Bf6 32. Qd3 Qg7 33. Bb2 a6 34. a4 Bd8 35. Re3 Qf7 36. a5 Kg7 37. Ba1 Bf6 38. R3e2 R8e7 39. Re3 Qe8 40. R1e2 Kf7 41. Re1 Bg7 42. R1e2 Nf6 43. h3 Rxe3 44. Rxe3 Rxe3 45. Nxe3 Qe4 46. Qxe4 fxe4 47. g4 Ng8 48. Kf2 Ne7 49. Bc3 h5 50. Kg3 Bh6 51. gxh5 Nf5+ 52. Nxf5 gxf5 53. h4 0-1

[Event "San Francisco TNM Winter op"]
[Site "San Francisco"]
[Date "2009.02.10"]
[Round "6"]
[White "Matz, James I"]
[Black "Sommerville, Kenneth"]
[Result "1-0"]
[WhiteElo "1746"]
[BlackElo "1602"]
[PlyCount "59"]
[EventDate "2009.01.06"]
[EventType "swiss"]
[EventRounds "8"]
[EventCountry "USA"]
[SourceTitle "EXT 2012"]
[Source "ChessBase"]
[SourceDate "2011.11.24"]
[SourceVersion "1"]
[SourceVersionDate "2011.11.24"]
[SourceQuality "1"]

1. Nf3 d5 2. g3 Nf6 3. Bg2 c6 4. d3 Nbd7 5. Nbd2 e5 6. e4 Bd6 7. 0-0 0-0 8. b3 Qc7 9. Bb2 Re8 10. Nh4 Nb6 11. Nf5 Bxf5 12. exf5 Rad8 13. g4 e4 14. g5 Bxh2+ 15. Kh1 Nfd7 16. Qh5 Be5 17. d4 Bf4 18. Rad1 Bxd2 19. Rxd2 Qf4 20. Re2 Qxf5 21. Re3 Nf6 22. Qh4 Qg4 23. Qh2 Qxg5 24. Rg3 Qh5 25. Bh3 Rd6 26. Ba3 Rdd8 27. Qg2 g6 28. Kg1 e3 29. Rxe3 Rxe3 30. fxe3 1-0